A guide to community transport (Record no. 414118)

000 -LEADER
fixed length control field 00498cam a22001577a 4500
008 - FIXED-LENGTH DATA ELEMENTS--GENERAL INFORMATION
fixed length control field 180718b1978 xxu||||| |||| 00| 0 eng d
020 ## - INTERNATIONAL STANDARD BOOK NUMBER
International Standard Book Number 0 11 550494 x
082 ## - DEWEY DECIMAL CLASSIFICATION NUMBER
Classification number W2 x42 Un3
245 ## - TITLE STATEMENT
Title A guide to community transport
Statement of responsibility, etc. By HMSO
260 ## - PUBLICATION, DISTRIBUTION, ETC.
Place of publication, distribution, etc. London
Name of publisher, distributor, etc. HMSO
Date of publication, distribution, etc. 1978
300 ## - PHYSICAL DESCRIPTION
Extent 60p.
650 ## - SUBJECT ADDED ENTRY--TOPICAL TERM
Topical term or geographic name entry element Great Britain -- Rural conditions
650 ## - SUBJECT ADDED ENTRY--TOPICAL TERM
Topical term or geographic name entry element Voluntarism -- Great Britain
650 ## - SUBJECT ADDED ENTRY--TOPICAL TERM
Topical term or geographic name entry element Personal rapid transit -- Great Britain
650 ## - SUBJECT ADDED ENTRY--TOPICAL TERM
Topical term or geographic name entry element Transportation -- Great Britain -- Passenger traffic
Holdings
Withdrawn status Lost status Damaged status Not for loan Permanent Location Current Location Date acquired Full call number Barcode Date last seen Price effective from Koha item type
        Indian Institute of Public Administration Indian Institute of Public Administration 2009-02-23 W2 x42 Un3 DA5207 2018-07-21 2018-07-21 DA

Powered by Koha